000 00355nam a22001697a 4500
003 UA-OsUOA
001 3380
007 ta
008 20050721b un ||||| |||| 00| 0 ukr d
100 _aDickens
700 _aCharles
942 _cBK
040 _aUA-OsUOA
_cUA-OsUOA
_dUA-OsUOA
245 _aThe Pickwick Papers
_bReading
955 _a2
650 7 _2UDC
999 _c289542
_d289542